Preventing physical and mental disabilities : (Record no. 193904)
[ view plain ]
| 000 -LEADER | |
|---|---|
| fixed length control field | 01435 a2200265 4500 |
| 003 - CONTROL NUMBER IDENTIFIER | |
| control field | Nust |
| 005 - DATE AND TIME OF LATEST TRANSACTION | |
| control field | 20170207154112.0 |
| 010 ## - LIBRARY OF CONGRESS CONTROL NUMBER | |
| LC control number | 79009825 |
| 020 ## - INTERNATIONAL STANDARD BOOK NUMBER | |
| International Standard Book Number | 0839113811 |
| 040 ## - CATALOGING SOURCE | |
| Transcribing agency | Nust |
| 082 00 - DEWEY DECIMAL CLASSIFICATION NUMBER | |
| Classification number | 362.1 |
| 245 00 - TITLE STATEMENT | |
| Title | Preventing physical and mental disabilities : |
| Remainder of title | multi-disciplinary approaches / |
| Statement of responsibility, etc. | edited by Peter J. Valletutti and Florence Christoplos. |
| 260 ## - PUBLICATION, DISTRIBUTION, ETC. | |
| Place of publication, distribution, etc. | Baltimore : |
| Name of publisher, distributor, etc. | University Park Press, |
| Date of publication, distribution, etc. | c1979. |
| 300 ## - PHYSICAL DESCRIPTION | |
| Extent | x, 438 p. ; |
| Dimensions | 23 cm. |
| 505 ## - FORMATTED CONTENTS NOTE | |
| Formatted contents note | Introduction and Overview (page-1) Education (Page-7) Administration of Special Facilities (Page-21) ART Therapy (Page-45) Child Life (Page-65) Counseling (Page-91) Criminal justice (Page-107) Dentistry (Page-131) Genetic Counseling (page-147) Leisure and Recreation Services (page-165) Music Therapy (Page-197) Nutrition (Page-211) Occupational Therapy (Page-243) Pediatrics (Page-259) Physical Medicine and Rehabilitation (page-273) Psychiatry (Page-293) Psychology (Page-325) Rehabilitation Counseling (Page-347) Social Work (Page-357) Speech-Language and hearing Pathology (page-381) Thanatology (Page-409) |
| 538 ## - SYSTEM DETAILS NOTE | |
| System details note | Almirah No.54 Shelf No.6 |
| 650 #0 - SUBJECT ADDED ENTRY--TOPICAL TERM | |
| Topical term or geographic name entry element | Accidents |
| General subdivision | Prevention. |
| 650 #0 - SUBJECT ADDED ENTRY--TOPICAL TERM | |
| Topical term or geographic name entry element | Handicapped. |
| 650 #0 - SUBJECT ADDED ENTRY--TOPICAL TERM | |
| Topical term or geographic name entry element | Mental disorders |
| General subdivision | Prevention and control. |
| 650 #0 - SUBJECT ADDED ENTRY--TOPICAL TERM | |
| Topical term or geographic name entry element | Preventive health services. |
| 650 #0 - SUBJECT ADDED ENTRY--TOPICAL TERM | |
| Topical term or geographic name entry element | Preventive health services. |
| 650 #0 - SUBJECT ADDED ENTRY--TOPICAL TERM | |
| Topical term or geographic name entry element | Rehabilitation. |
| 700 1# - ADDED ENTRY--PERSONAL NAME | |
| Personal name | Christoplos, Florence. |
| 700 1# - ADDED ENTRY--PERSONAL NAME | |
| Personal name | Valletutti, Peter J. |
| 942 ## - ADDED ENTRY ELEMENTS (KOHA) | |
| Source of classification or shelving scheme | |
| Koha item type | Book |
| Withdrawn status | Lost status | Source of classification or shelving scheme | Damaged status | Not for loan | Collection code | Permanent Location | Current Location | Date acquired | Total Checkouts | Full call number | Barcode | Date last seen | Price effective from | Koha item type |
|---|---|---|---|---|---|---|---|---|---|---|---|---|---|---|
| Military College of Signals (MCS) | Military College of Signals (MCS) | 12/12/2016 | 362.1 PRE | MCS20849 | 12/08/2016 | 12/12/2016 | Book |
